Songs on Steely Dan's Aja - Statistics

General Stats
  • This quiz has been taken 56 times
  • The average score is 5 of 7
Answer Stats
Answer % Correct
Peg
91%
Aja
89%
Black Cow
80%
Deacon Blues
78%
Josie
76%
Home at Last
71%
I Got the News
53%
No matching quizzes found
Score Distribution
Percent of People with Each Score
Percentile by Number Answered
Your Score History
You have not taken this quiz